車庫証明が必要な村 - Statistics

General Stats
  • This quiz has been taken 15 times
  • The average score is 9 of 11
Answer Stats
Hint Answer % Correct
富山県 舟橋村
100%
愛知県 飛島村
100%
大阪府 千早赤阪村
100%
鳥取県 日吉津村
100%
沖縄県 北中城村
86%
青森県 田舎館村
79%
茨城県 東海村
71%
奈良県 明日香村
71%
宮城県 大衡村
64%
沖縄県 中城村
64%
福島県 湯川村
43%
No matching quizzes found
Score Distribution
Percent of People with Each Score
Percentile by Number Answered
Your Score History
You have not taken this quiz